Hampshire County, MA - Map Quiz - Statistics

General Stats
  • This quiz has been taken 135 times
  • The average score is 12 of 20
Answers on the Map
Answers color-coded by a green-red scale on the quiz's map according to % correct below.
 
Answer Stats
Answer % Correct
Amherst
73%
Northampton
73%
South Hadley
70%
Easthampton
67%
Hadley
67%
Belchertown
64%
Hatfield
64%
Southampton
64%
Ware
64%
Westhampton
64%
Cummington
61%
Huntington
58%
Pelham
58%
Middlefield
55%
Plainfield
52%
Chesterfield
48%
Williamsburg
48%
Goshen
42%
Granby
42%
Worthington
42%
No matching quizzes found
Score Distribution
Percent of People with Each Score
Percentile by Number Answered
Your Score History
You have not taken this quiz